Normas asociativas intracategoriales para 612 palabras de seis categorías semánticas en español / (Registro nro. 135878)
[ vista simple ]
| 000 -LEADER | |
|---|---|
| campo de control de longitud fija | 02878nab a2200433 i 4500 |
| 001 - NÚMERO DE CONTROL | |
| campo de control | 135878 |
| 003 - IDENTIFICADOR DE NÚMERO DE CONTROL | |
| campo de control | FINmELB |
| 005 - FECHA Y HORA DE LA ÚLTIMA TRANSACCIÓN | |
| campo de control | 20241217180959.0 |
| 006 - CÓDIGOS DE INFORMACIÓN DE LONGITUD FIJA--CARACTERÍSTICAS DEL MATERIAL ADICIONAL | |
| campo de control de longitud fija | m o u |
| 007 - CAMPO FIJO DE DESCRIPCIÓN FÍSICA--INFORMACIÓN GENERAL | |
| campo de control de longitud fija | cr cn||||||||| |
| 008 - DATOS DE LONGITUD FIJA--INFORMACIÓN GENERAL | |
| campo de control de longitud fija | 230524c20039999sp fr p o 0 0spa d |
| 022 ## - NÚMERO INTERNACIONAL NORMALIZADO PARA PUBLICACIONES SERIADAS | |
| Número Internacional Normalizado para Publicaciones Seriadas | 0211-2159 |
| ISSN-L [OBSOLETO] | 1576-8597 |
| 035 ## - NÚMERO DE CONTROL DEL SISTEMA | |
| Número de control de sistema | (OCoLC)1385418336 |
| 040 ## - FUENTE DE CATALOGACIÓN | |
| Centro catalogador/agencia de origen | FINmELB |
| Lengua de catalogación | spa |
| Normas de descripción | rda |
| Centro/agencia transcriptor | FINmELB |
| 050 #4 - SIGNATURA TOPOGRÁFICA DE LA BIBLIOTECA DEL CONGRESO | |
| Número de clasificación | BF38.5 |
| Número de ítem | C355 2003 |
| 080 ## - NÚMERO DE LA CLASIFICACIÓN DECIMAL UNIVERSAL | |
| Número de la Clasificación Decimal Universal | 159.9(045) |
| 082 04 - NÚMERO DE LA CLASIFICACIÓN DECIMAL DEWEY | |
| Número de clasificación | 150 |
| Información de edición | 23 |
| 100 1# - ENTRADA PRINCIPAL--NOMBRE DE PERSONA | |
| Nombre de persona | Callejas, Alicia, |
| Término indicativo de función/relación | autor. |
| 245 10 - MENCIÓN DEL TÍTULO | |
| Título | Normas asociativas intracategoriales para 612 palabras de seis categorías semánticas en español / |
| Mención de responsabilidad, etc. | Alicia Callejas, Ángel Correa, Juan Lupiañez y Pío Tudela. |
| 264 #1 - PRODUCCIÓN, PUBLICACIÓN, DISTRIBUCIÓN, FABRICACIÓN Y COPYRIGHT | |
| Producción, publicación, distribución, fabricación y copyright | Valencia, España : |
| Nombre del de productor, editor, distribuidor, fabricante | Universidad de Valencia, |
| Fecha de producción, publicación, distribución, fabricación o copyright | 2003. |
| 310 ## - PERIODICIDAD ACTUAL | |
| Periodicidad actual | Semestral |
| 336 ## - TIPO DE CONTENIDO | |
| Término de tipo de contenido | texto |
| Código de tipo de contenido | txt |
| Fuente | rdacontent/spa |
| 337 ## - TIPO DE MEDIO | |
| Nombre/término del tipo de medio | computadora |
| Código del tipo de medio | c |
| Fuente | rdamedia/spa |
| 338 ## - TIPO DE SOPORTE | |
| Nombre/término del tipo de soporte | recurso en línea |
| Código del tipo de soporte | cr |
| Fuente | rdacarrier/spa |
| 520 ## - RESUMEN, ETC. | |
| Sumario, etc. | Se obtuvieron datos de fuerza asociativa intracategorial y de familiaridad subjetiva para 612 palabras pertenecientes a seis categorías diferentes. Estas palabras fueron evaluadas por un grupo diferente de personas para cada una de las medidas. Se realizó un análisis de los siguientes índices por categorías: número de asociados, fuerza asociativa del primer y segundo asociados, índice resultante de la sustracción de los dos primeros asociados, porcentaje de respuestas idiosincrásicas, porcentaje de respuestas en blanco o no válidas e índice de la familiaridad subjetiva. Los resultados apuntan a una mayor consistencia interna (menor número de asociados, mayor fuerza asociativa de éstos y menor porcentaje de respuestas idiosincrásicas) de dos de las seis categorías ("Partes del Cuerpo Humano" y "Animales") y a una menor consistencia interna de la categoría "Ropa, Calzado y Complementos". Estas normas asociativas son de interés para investigadores dedicados al estudio de la memoria semántica así como de las diferencias hemisféricas en la ejecución de tareas relacionadas con estímulos verbales. |
| 588 ## - NOTA DE FUENTE DE LA DESCRIPCIÓN | |
| Nota de fuente de la descripción | Descripción basada en metadatos suministrados por el editor y otras fuentes. |
| 588 ## - NOTA DE FUENTE DE LA DESCRIPCIÓN | |
| Nota de fuente de la descripción | Descripción basada en Psicológica,vol. 24, n. 2 (2003), P. 185-214. |
| 590 ## - NOTA LOCAL (RLIN) | |
| Nota local | Recurso electrónico. Santa Fe, Arg.: elibro, 2023. Disponible vía World Wide Web. El acceso puede estar limitado para las bibliotecas afiliadas a elibro. |
| 650 #4 - PUNTO DE ACCESO ADICIONAL DE MATERIA--TÉRMINO DE MATERIA | |
| Término de materia o nombre geográfico como elemento de entrada | Investigación. |
| 650 #4 - PUNTO DE ACCESO ADICIONAL DE MATERIA--TÉRMINO DE MATERIA | |
| Término de materia o nombre geográfico como elemento de entrada | Psicología. |
| 650 #4 - PUNTO DE ACCESO ADICIONAL DE MATERIA--TÉRMINO DE MATERIA | |
| Término de materia o nombre geográfico como elemento de entrada | Semántica. |
| 655 #4 - TERMINO DE INDIZACIÓN--GENERO/FORMA | |
| Datos o término principal de género/forma | Libros electrónicos. |
| 700 1# - ENTRADA AGREGADA--NOMBRE PERSONAL | |
| Nombre de persona | Correa, Ángel, |
| Término indicativo de función/relación | autor. |
| 700 1# - ENTRADA AGREGADA--NOMBRE PERSONAL | |
| Nombre de persona | Lupiañez, Juan, |
| Término indicativo de función/relación | autor. |
| 700 1# - ENTRADA AGREGADA--NOMBRE PERSONAL | |
| Nombre de persona | Tudela, Pío, |
| Término indicativo de función/relación | autor. |
| 773 0# - ASIENTO DE ITEM FUENTE | |
| Título | Psicológica. |
| Número Internacional Normalizado para Publicaciones Seriadas | ISSN0211-2159, 1576-8597 |
| Lugar, editor y fecha de publicación | Valencia, España : Universidad de Valencia. |
| Parte(s) relacionada(s) | vol. 24, n. 2 (2003), p. 185-214 |
| 797 2# - PUNTO DE ACCESO ADICIONAL LOCAL--NOMBRE DE ENTIDAD CORPORATIVA (RLIN) | |
| Nombre de entidad corporativa o nombre de jurisdicción como elemento de entrada | elibro, Corp. |
| 856 40 - LOCALIZACIÓN Y ACCESO ELECTRÓNICOS | |
| Identificador Uniforme de Recurso | <a href="https://elibro.net/ereader/politecnicointernacional/8589">https://elibro.net/ereader/politecnicointernacional/8589</a> |
No hay ítems disponibles.